| 000 | 00595nam a2200205 a 4500 | ||
|---|---|---|---|
| 005 | 20240924071022.0 | ||
| 008 | 070607s2003 mx r 000 0 spa d | ||
| 020 | _a9871081332 | ||
| 035 | _aUPN01000150427 | ||
| 049 | _aCG | ||
| 050 | 4 |
_aPQ2631 R6.3 _bS6 |
|
| 100 | 1 |
_aProust, Marcel, _d1871-1922 |
|
| 245 | 1 | 0 |
_aSobre la lectura / _cMarcel Proust ; tr. Pedro Ubertone. |
| 260 |
_aBuenos Aires : _bLibros del Zorzal, _c2003. |
||
| 300 | _a76 p. | ||
| 534 |
_pTÃtulo original: _tSur la lecture |
||
| 650 | 4 |
_aEnsayos franceses _919248 |
|
| 650 | 4 |
_aLibros y lectura _95227 |
|
| 905 | _aLibro | ||
| 999 |
_c122568 _d122568 |
||